| 000 | 00448nam a2200157 i 4500 | ||
|---|---|---|---|
| 001 | 145918 | ||
| 003 | ES-MaACL | ||
| 005 | 20230906201345.0 | ||
| 007 | t| | ||
| 008 | 071018s1957 sp ||||1| spa d | ||
| 100 | 1 |
_aVega, Vicente. _9113585 |
|
| 245 | 1 | 0 |
_aDiccionario ilustrado de anécdotas / _cVicente Vega. |
| 260 |
_aBarcelona : _bGustavo Gili, _c[1957] |
||
| 300 |
_aXII, 1077 p. : _bil. ; _c21 cm. |
||
| 852 |
_aES-MaACL _jC-11859 _bR.40048 |
||
| 999 |
_c145918 _d145918 |
||